Pre-pack reforms put on ice (Record no. 83776)
[ view plain ]
| 000 -LEADER | |
|---|---|
| fixed length control field | 00675cab a22001935a 4500 |
| 001 - CONTROL NUMBER | |
| control field | L155001 |
| 008 - FIXED-LENGTH DATA ELEMENTS--GENERAL INFORMATION | |
| fixed length control field | 120216e20120211xxk 000 0 eng d |
| 035 ## - SYSTEM CONTROL NUMBER | |
| System control number | (Sirsi) u155001 |
| 041 0# - LANGUAGE CODE | |
| Language code of text/sound track or separate title | eng |
| 100 1# - MAIN ENTRY--PERSONAL NAME | |
| Personal name | Ditchburn, Mathew |
| 245 00 - TITLE STATEMENT | |
| Title | Pre-pack reforms put on ice |
| 260 ## - PUBLICATION, DISTRIBUTION, ETC. | |
| Date of publication, distribution, etc. | 2012 |
| 490 ## - SERIES STATEMENT | |
| Series statement | Estates Gazette |
| Volume/sequential designation | (1206) 11 February 2012, 84-85(2) |
| 520 ## - SUMMARY, ETC. | |
| Summary, etc. | Department for Business Skills and Innovation (BIS) has dropped proposals to introduce new legislative controls on pre-packs including a three day period of notice for creditors to challenge the sale. |
| 590 ## - LOCAL NOTE (RLIN) | |
| Local note | KA |
| 651 #4 - SUBJECT ADDED ENTRY--GEOGRAPHIC NAME | |
| Geographic name | United Kingdom |
| Chronological subdivision | |
| 690 ## - LOCAL SUBJECT ADDED ENTRY--TOPICAL TERM (OCLC, RLIN) | |
| Topical term or geographic name as entry element | Commercial property |
| 9 (RLIN) | 6227 |
| 942 ## - ADDED ENTRY ELEMENTS (KOHA) | |
| Suppress in OPAC | 0 |
| Withdrawn status | Lost status | Source of classification or shelving scheme | Damaged status | Not for loan | Home library | Current library | Shelving location | Date acquired | Total Checkouts | Full call number | Barcode | Date last seen | Copy number | Price effective from | Koha item type |
|---|---|---|---|---|---|---|---|---|---|---|---|---|---|---|---|
| Dewey Decimal Classification | London | London | Journal article | 16/02/2012 | L155001 | 155001-1001 | 06/08/2019 | 1 | 06/08/2019 | Journal article |